Agreement
Αποθηκεύτηκε σε:
| Κύριος συγγραφέας: | |
|---|---|
| Μορφή: | Βιβλίο |
| Γλώσσα: | English |
| Δημοσίευση: |
Cambridge :
Cambridge University Press,
2006
|
| Σειρά: | Cambridge textbooks in linguistics
|
| Θέματα: | |
| Ετικέτες: |
Προσθήκη ετικέτας
Δεν υπάρχουν, Καταχωρήστε ετικέτα πρώτοι!
|
MARC
| LEADER | 00000nam a2200000 i 4500 | ||
|---|---|---|---|
| 001 | 1/58816 | ||
| 008 | 071016s2006 eng d | ||
| 020 | |a 0-521-00170-6 | ||
| 035 | |l 10091552 | ||
| 040 | |a GR-MY-UA |b gre |e aacr | ||
| 041 | 0 | |a eng | |
| 082 | 0 | |a 415 |2 (22) | |
| 100 | 1 | |a Corbett, Greville G. | |
| 245 | 1 | 0 | |a Agreement / |c Greville G. Corbett |
| 260 | |a Cambridge : |b Cambridge University Press, |c 2006 | ||
| 300 | |a xviii, 328 σ.; |c 26 εκ. | ||
| 490 | 1 | |a Cambridge textbooks in linguistics | |
| 504 | |a Περιλαμβάνει βιβλιογραφίες και ευρετήριο | ||
| 650 | 0 | 0 | |a Grammar, Comparative and general |x Aspect. |
| 830 | 0 | |a Cambridge textbooks in linguistics | |
| 852 | |a INST |b RHODES |e 20071016 |h 415 COR |p 005400025407 |q 005400025407 |t BK |y 0 | ||
| 901 | |a BIBL4-2007-3 | ||
| 909 | |a Ρ |b 139476 | ||
| 922 | |a 4ΕΛΗ |b 200709 |c ΕΠΕΑΕΚ2/ΤΜΣ |d ΠΑΠΑΣΩΤΗΡΙΟΥ | ||
| 970 | |a ΜΙΣΣΟΣ |b ΣΤΑΥΡΟΣ |z 2007/10/16 | ||